| 000 | 00860nam a2200277Ia 4500 | ||
|---|---|---|---|
| 003 | EC-GqESP | ||
| 005 | 20260323152224.0 | ||
| 008 | 250425s9999 xx 000 0 und d | ||
| 010 | _a113784 | ||
| 020 | _a9781260411140 | ||
| 041 | _aeng | ||
| 082 |
_a591 _pHIC |
||
| 100 | _aHickman, Cleveland P. | ||
| 245 | 0 |
_aIntegrated principles of zoology _cCleveland P. Hickman, Susan L. Keen, David J. Eisenhour, Allan Larson, Helen I'Anson |
|
| 250 | _aEighth edition | ||
| 260 |
_aNew York _bMcGraw-Hill Education _c2019 |
||
| 300 |
_a844 páginas _bilustraciones _c28 cm. |
||
| 504 | _aIncludes bibliographical references and index | ||
| 650 | _aZoología - biología animal | ||
| 700 | _aEisenhour, David J. | ||
| 700 | _aI'Anson, Helen | ||
| 700 | _aKeen, Susan L. | ||
| 700 | _aLarson, Allan | ||
| 902 |
_aMonográfico _cImpreso |
||
| 942 | _c01 | ||
| 999 |
_c237797 _d237797 |
||